Suelos de las regiones tropicales humedas / (Record no. 24284)
[ view plain ]
| 000 -CABECERA | |
|---|---|
| campo de control de longitud fija | 00874nam a2200217 a 4500 |
| 001 - NÚMERO DE CONTROL | |
| campo de control | 000024791 |
| 005 - FECHA Y HORA DE LA ÚLTIMA TRANSACCIÓN | |
| campo de control | 20200930023355.0 |
| 008 - DATOS DE LONGITUD FIJA--INFORMACIÓN GENERAL | |
| campo de control de longitud fija | 110204s1975 ag b r 000 0 spa d |
| 040 ## - FUENTE DE LA CATALOGACIÓN | |
| Centro catalogador/agencia de origen | DO-SdBNP |
| Lengua de catalogación | spa |
| Centro/agencia transcriptor | BNPHU |
| 082 ## - NÚMERO DE LA CLASIFICACIÓN DECIMAL DEWEY | |
| Número de clasificación | xxxx |
| Número de documento/Ítem | C397s |
| 049 ## - FONDOS LOCALES (OCLC) | |
| Fondos de biblioteca | BNGR |
| 110 1# - ENTRADA PRINCIPAL--NOMBRE DE ENTIDAD CORPORATIVA | |
| Nombre de entidad corporativa o nombre de jurisdicción como elemento de entrada | Centro Regional de Ayuda Técnica, |
| Unidad subordinada | Agencia para el Desarrollo Internacional (AID) |
| 9 (RLIN) | 34983 |
| 245 10 - MENCIÓN DE TÍTULO | |
| Título | Suelos de las regiones tropicales humedas / |
| Mención de responsabilidad, etc. | prefacio Matthew Drosdoff ; traducción Andrés O. Bottaro. |
| 260 ## - PUBLICACIÓN, DISTRIBUCIÓN, ETC. | |
| Lugar de publicación, distribución, etc. | Buenos Aires, México : |
| Nombre del editor, distribuidor, etc. | Marymar, |
| Fecha de publicación, distribución, etc. | 1975. |
| 300 ## - DESCRIPCIÓN FÍSICA | |
| Extensión | 271 p. ; : |
| Otras características físicas | mapas. ; |
| Dimensiones | 22 cm. |
| 500 ## - NOTA GENERAL | |
| Nota general | Incluye bibliografía p. [263-265]. |
| 504 ## - NOTA DE BIBLIOGRAFÍA, ETC. | |
| Nota de bibliografía, etc. | Incluye referencias bibliográficas y notas al pie de las páginas. |
| 534 ## - NOTA SOBRE LA VERSIÓN ORIGINAL | |
| Frase introductoria | Título original en inglés: |
| Mención de título del original | Soils of the humid tropics. |
| 700 1# - PUNTO DE ACCESO ADICIONAL--NOMBRE DE PERSONA | |
| Nombre de persona | Drosdoff, Matthew |
| 9 (RLIN) | 50869 |
| 700 1# - PUNTO DE ACCESO ADICIONAL--NOMBRE DE PERSONA | |
| Nombre de persona | Bottaro, Andrés O., |
| Término indicativo de función/relación | tr. |
| 9 (RLIN) | 50870 |
| Estado de retiro | Estado de pérdida | Restricciones de uso | No para préstamo | Código de colección | Localización permanente | Ubicación/localización actual | Ubicación en estantería | Fecha de adquisición | Número de inventario | Total de préstamos | Signatura topográfica completa | Código de barras | Fecha visto por última vez | Precio válido a partir de | Tipo de ítem Koha |
|---|---|---|---|---|---|---|---|---|---|---|---|---|---|---|---|
| Monografías: Libros y Folletos | General | General | En catalogación | 04.02.2011 | LF1 | xxxx C397s | 24791-10 | 25.06.2020 | 25.06.2020 | Préstamo en sala |
